Сталинским соколам слава! (Запись № 89051)
[ простой вид ]
| 000 -МАРКЕР | |
|---|---|
| контрольное поле | 03785nkm0a2200577 4500 |
| 001 - ИДЕНТИФИКАТОР ЗАПИСИ | |
| контрольное поле | RU\NLR\BIBL_A\022628415 |
| 005 - ИДЕНТИФИКАТОР ВЕРСИИ | |
| контрольное поле | 20260204000000.0 |
| 035 ## - ДРУГИЕ СИСТЕМНЫЕ НОМЕРА | |
| Идентификатор записи | (NLR Aleph) 022628415 |
| 071 50 - ИЗДАТЕЛЬСКИЙ НОМЕР | |
| Цена | 8 коп. |
| 100 ## - ДАННЫЕ ОБЩЕЙ ОБРАБОТКИ | |
| Данные общей обработки | 20250923d1945 u y0rusy50 ca |
| 101 0# - ЯЗЫК РЕСУРСА | |
| Язык текста, звукозаписи и т.д. | русский |
| 102 ## - СТРАНА ПУБЛИКАЦИИ ИЛИ ПРОИЗВОДСТВА | |
| Страна публикации | российская федерация |
| 116 ## - ПОЛЕ КОДИРОВАННЫХ ДАННЫХ: ИЗОБРАЗИТЕЛЬНЫЕ МАТЕРИАЛЫ | |
| Кодированные данные для изобразительных материалов. | diycxx bk ae |
| 135 ## - ПОЛЕ КОДИРОВАННЫХ ДАННЫХ: ЭЛЕКТРОННЫЕ РЕСУРСЫ | |
| Кодированные данные для электронного ресурса | crcn 024anaba |
| 181 #0 - ПОЛЕ КОДИРОВАННЫХ ДАННЫХ: ВИД СОДЕРЖАНИЯ | |
| Код вида содержания (ISBD) | b4 |
| Код характеристики содержания (ISBD) | xb2e |
| 182 #0 - ПОЛЕ КОДИРОВАННЫХ ДАННЫХ: ТИП СРЕДСТВА | |
| Код типа средства (ISBD) | n - непосредственное |
| 200 1# - ЗАГЛАВИЕ И СВЕДЕНИЯ ОБ ОТВЕТСТВЕННОСТИ | |
| Основное заглавие | Сталинским соколам слава! |
| Сведения, относящиеся к заглавию | [закрытое письмо] |
| Первые сведения об ответственности | художник И. Кин |
| 203 ## - ВИД СОДЕРЖАНИЯ И ТИП СРЕДСТВА | |
| Вид содержания | Изображение |
| Дополнительные сведения об издании | неподвижное |
| -- | двухмерное |
| -- | визуальное |
| Тип средства | непосредственное |
| 210 ## - ПУБЛИКАЦИЯ, РАСПРОСТРАНЕНИЕ И ДР. | |
| Место издания, распространения и т.д. | [Москва] |
| Имя издателя, распространителя и т. д. | Худож.-эстампная мастерская МТХ |
| Дата издания, распространения и т.д. | [1945 |
| Место изготовления | Москва] |
| Имя изготовителя | Тип. "Красное знамя" |
| 215 ## - ФИЗИЧЕСКАЯ ХАРАКТЕРИСТИКА | |
| Специфическое обозначение материала и объем | 1 л. (слож. вдвое) |
| Другие сведения о физической характеристике | цв. цинкогр. |
| Размеры | 21,3х15,5 (10,8х15,5) |
| 300 ## - ОБЩИЕ ПРИМЕЧАНИЯ | |
| Текст примечания | На закрытом письме также сведения о заказчике: По заказу Военкнижторга |
| 300 ## - ОБЩИЕ ПРИМЕЧАНИЯ | |
| Текст примечания | Ценз. разрешение: Г26.7.45 |
| 300 ## - ОБЩИЕ ПРИМЕЧАНИЯ | |
| Текст примечания | В вып. дан.: Заказ 1893 |
| 309 ## - ПРИМЕЧАНИЯ ОБ ОСНОВНОМ ИСТОЧНИКЕ ИНФОРМАЦИИ И ОБ ОСОБЕННОСТЯХ ПОЛИГРАФИЧЕСКОГО ОФОРМЛЕНИЯ ИЗДАНИЯ | |
| Текст примечания | Двойной формуляр, без клеевой полосы |
| 325 ## - ПРИМЕЧАНИЕ О КОПИИ | |
| Текст примечания | Копия доступна в Электрон. б-ке РНБ |
| 327 0# - ПРИМЕЧАНИЯ О СОДЕРЖАНИИ | |
| Текст примечания | Советские военные самолеты среди облаков |
| 606 1# - НАИМЕНОВАНИЕ ТЕМЫ КАК ПРЕДМЕТ | |
| Наименование темы | Почтовые открытки маркированные художественные |
| Географический подзаголовок | СССР |
| Хронологический подзаголовок | 1941 - 1945 |
| Код системы | nlr_sh2 |
| Идентификатор авторитетной/нормативной записи | RU\NLR\AUTH\661531868 |
| 606 1# - НАИМЕНОВАНИЕ ТЕМЫ КАК ПРЕДМЕТ | |
| Наименование темы | Военные самолеты |
| Географический подзаголовок | СССР |
| Хронологический подзаголовок | 1941 - 1945 |
| Формальный подзаголовок | Открытки |
| Код системы | nlr_sh1 |
| -- | nlr_sh2 |
| Идентификатор авторитетной/нормативной записи | RU\NLR\AUTH\661422946 |
| 610 1# - НЕКОНТРОЛИРУЕМЫЕ ПРЕДМЕТНЫЕ ТЕРМИНЫ | |
| Предметный термин | Закрытые письма |
| 686 1# - ИНДЕКСЫ ДРУГИХ КЛАССИФИКАЦИЙ | |
| Индекс | Щ153(2)7-489 |
| 700 #1 - ИМЯ ЛИЦА - ПЕРВИЧНАЯ ОТВЕТСТВЕННОСТЬ | |
| Начальный элемент ввода | Кин |
| Часть имени, кроме начального элемента ввода | И. |
| Код отношения | Карикатурист, Художник |
| 712 02 - НАИМЕНОВАНИЕ ОРГАНИЗАЦИИ - ВТОРИЧНАЯ ОТВЕТСТВЕННОСТЬ | |
| Начальный элемент ввода | Московское товарищество художников |
| Структурное подразделение | Художественно-эстампная мастерская |
| Идентификатор авторитетной/нормативной записи | RU\NLR\AUTH\880618537 |
| Код отношения | Издатель |
| 712 02 - НАИМЕНОВАНИЕ ОРГАНИЗАЦИИ - ВТОРИЧНАЯ ОТВЕТСТВЕННОСТЬ | |
| Начальный элемент ввода | "Красное знамя", типография |
| Идентифицирующий признак | Москва |
| Идентификатор авторитетной/нормативной записи | RU\NLR\AUTH\8810047235 |
| Код отношения | Печатник (типограф) |
| 712 02 - НАИМЕНОВАНИЕ ОРГАНИЗАЦИИ - ВТОРИЧНАЯ ОТВЕТСТВЕННОСТЬ | |
| Начальный элемент ввода | "Военкнижторг", контора |
| Идентифицирующий признак | Москва |
| Идентификатор авторитетной/нормативной записи | RU\NLR\AUTH\880592869 |
| Код отношения | Прочие |
| 830 ## - ОБЩЕЕ ПРИМЕЧАНИЕ, СОСТАВЛЕННОЕ КАТАЛОГИЗАТОРОМ | |
| Текст примечания | Кин И.: http://painters.artunion.ru/2-11-2.htm (05.11.2024) - нет. Возможно, одно лицо с художником: Янис Кинс (1909-1969): https://www.antonia.lv/ru/aukcion/61/lot-210-janis-kins-1909-1969; Кинс Янис Юрьевич: https://www.rgali.ru/person/609915; Кин (Кинс) Янис Юрьевич / 21.01.1969 /: http://painters.artunion.ru/2-11-2.htm (05.11.2024). Кин Ян Юрьевич: Выставки советского изобразительного искусства. Москва : Советский художник, 1978. Т. 3. С. 458. ЭК РНБ: Кин, Ян Юрьевич. АЯ ОЭФ |
| 830 ## - ОБЩЕЕ ПРИМЕЧАНИЕ, СОСТАВЛЕННОЕ КАТАЛОГИЗАТОРОМ | |
| Текст примечания | "Jānis Kīns Roles: artist, graphic artist, illustrator 03.07.1909 – 21.01.1969": https://www.literatura.lv/en/persons/janis-kins (05.11.2024). АЯ ОЭФ |
| 830 ## - ОБЩЕЕ ПРИМЕЧАНИЕ, СОСТАВЛЕННОЕ КАТАЛОГИЗАТОРОМ | |
| Текст примечания | Датировка - по цензурному разрешению. АЯ ОЭФ |
| 852 00 - МЕСТОНАХОЖДЕНИЕ И ШИФР ХРАНЕНИЯ | |
| Идентификатор организации | NLR |
| Наименование фонда или коллекции (Sub-Location Identifier) | Э |
| Шифр хранения (Call Number) | О-ЗП-3/1945-К |
| Идентификатор единицы | Эот98836 |
| 856 #0 - МЕСТОНАХОЖДЕНИЕ ЭЛЕКТРОННЫХ РЕСУРОВ И ДОСТУП К НИМ | |
| Универсальный идентификатор ресурса (Uniform Resource Identifier) | https://vivaldi.nlr.ru/lo500003978/view |
| 856 #1 - МЕСТОНАХОЖДЕНИЕ ЭЛЕКТРОННЫХ РЕСУРОВ И ДОСТУП К НИМ | |
| Универсальный идентификатор ресурса (Uniform Resource Identifier) | https://vivaldi.nlr.ru/lo500003978/cover |
| 856 #2 - МЕСТОНАХОЖДЕНИЕ ЭЛЕКТРОННЫХ РЕСУРОВ И ДОСТУП К НИМ | |
| Универсальный идентификатор ресурса (Uniform Resource Identifier) | https://vivaldi.nlr.ru/lo500003978/text |
| 942 ## - ДОПОЛНИТЕЛЬНЫЕ ЭЛЕМЕНТЫ ЗАПИСИ (АБИС) | |
| Тип экземпляра АБИС | Визуальный материал |
| 945 ## - Информацию об издании предоставили: | |
| Полное название организации, предоставившей материал | Российская национальная библиотека |
| 980 ## - КОЛЛЕКЦИЯ | |
| Название коллекции | Национальная библиография |
| 980 ## - КОЛЛЕКЦИЯ | |
| Название коллекции | Библиография Победы |
| 981 17 - КОЛЛЕКЦИЯ ЭЛЕКТРОННОЙ БИБЛИОТЕКИ | |
| Название коллекции | Изографические материалы |
| Название подколлекции | Открытки |
Нет доступных экземпляров.





